| 000 | 01079cab a22002535a 4500 | ||
|---|---|---|---|
| 001 | L147990 | ||
| 008 | 090710e20090703xxkabo f 000 0 eng d | ||
| 035 | _a(Sirsi) u147990 | ||
| 041 | 0 | _aeng | |
| 100 | 1 | _aWatson, Stuart | |
| 245 | 0 | 0 |
_aRegional report _bMidlands |
| 260 | _c2009 | ||
| 490 | 0 |
_aProperty Week _v75(27) 3 July 2009, 75-97(12) |
|
| 520 | _aProfiles commercial property activity across all sectors in the region. Reports on a Middle Eastern backed £159m scheme in Birmingham city centre and the future of Birmingham?s Whole Market. Covers regeneration plans for Daventry, mixed-use developments in Clay Cross, Derbyshire, and the unveiling of proposals for Nottingham MediPark which will be one of the UK's first medical science park. Tracks the fortunes of Midlands developer Barwood. | ||
| 590 | _aKA | ||
| 651 | 4 | _aBirmingham | |
| 651 | 4 | _aDaventry | |
| 651 | 4 | _aClay Cross | |
| 651 | 4 | _aNottingham | |
| 690 | _aPROPERTY-COMMERCIAL PROPERTY-COMMERCIAL PROPERTY MARKET | ||
| 700 | 1 | _aMcAllister, Sean | |
| 700 | 1 | _aShepherd, Mark | |
| 942 | _n0 | ||
| 999 |
_c81694 _d81694 |
||